| 000 | 00781nam a2200229Ia 4500 | ||
|---|---|---|---|
| 001 | 15865 | ||
| 003 | GE_BSU | ||
| 008 | 181216s||||||||xx |||||||||||||| ||und|| | ||
| 040 | _cGE_BSU | ||
| 080 | _a821.353.1-1 + 821.353.1-144 + 821.353.1-11 | ||
| 100 | _aჭელიძე, ოთარ | ||
| 245 | _aმერემე | ||
| 245 | _bლექსები, ბალადები, პოემები | ||
| 245 | _cრედ.ნ.იაშვილი. მხ. დ.დუნდუა | ||
| 260 | _aთბილისი | ||
| 260 | _bსაბჭ. საქართველო | ||
| 260 | _c1985 | ||
| 300 | _a585გვ. ; 20სმ | ||
| 653 | _aლექსები, ბალადები, პოემები | ||
| 653 | _aმერემე | ||
| 942 | _cBK | ||
| 999 |
_c48962 _d48962 |
||